000 00489nam a2200181Ia 4500
005 20250508151915.0
008 008 250505s9999 xx 000 0 rus d
037 _aBooks to be hide in OPAC
040 _aFEDL
_beng
_cFEDL
041 _arus
_2eng
084 _a947, RUS/O
_qFEDL
100 _aKlimovietch A E
_9760342
245 0 _aLiterature of peoples of USSR for class X
260 _c1956
300 _a127p.
942 _cHB
_h947, RUS/O
999 _c1332864
_d1332864